| 000 | 00830cam a2200253 4500 | ||
|---|---|---|---|
| 001 | J3758 | ||
| 008 | 090401t1974 xxu||||| |||| 00| 0 eng d | ||
| 035 | _a(Sirsi) u56841 | ||
| 041 | _aeng | ||
| 050 | _a333.337 | ||
| 110 |
_a100 Property Club _92733 |
||
| 245 | 4 | _aThe 100 Property Club for specialists in commercial and industrial property (rules and members list). - March 1974 | |
| 260 | _c1974 | ||
| 300 | _a(20)p. ; 18x9 cm. | ||
| 350 | _a0 | ||
| 520 | _aThe club, which was limited to 100 members, was for commercial and industrial property specialists based west of London. | ||
| 650 | _aCLUBS | ||
| 650 | _aPROPERTY-COMMERCIAL PROPERTY | ||
| 650 | _aINDUSTRIAL PROPERTY | ||
| 650 | _aPROPERTY CLUBS | ||
| 690 | _aMANAGEMENT-BUSINESS MANAGEMENT-PROFESSIONAL PRACTICE | ||
| 942 | _n0 | ||
| 948 | _c04/03/1997 | ||
| 999 |
_c93836 _d93836 |
||